000 01021cab a22002175a 4500
001 L153134
008 110613e2011 xxk 000 0 eng d
035 _a(Sirsi) u153134
041 0 _aeng
100 1 _aForrester, Peter
245 0 0 _aTake two
_bviews on new service charge code
260 _c2011
490 0 _aProperty Week
_v77(23) 10 June 2011, 71(1)
520 _aPresents two views on the revised May 2011 edition of RICS's "Service charges in commercial property: RICS code of practice" (see L152885) lead technical author of the new code, Peter Forrester, and Warren Gordon, lawyer.
590 _aKA
651 4 _aEngland and Wales
_y1543-
690 _aPROPERTY-COMMERCIAL PROPERTY-LEASEHOLD COMMERCIAL PROPERTY-COMMERCIAL LANDLORD AND TENANT-COMMERCIAL SERVICE CHARGES
700 1 _aGordon, Warren
856 4 0 _uhttps://www.rics.org/site/download_feed.aspx?fileID=9486&fileExtension=PDF
_zView the new RICS code of practice free of charge (member only access) at www.rics.org/guidance
942 _n0
999 _c83203
_d83203